Repná kampaň

Úroda repy v roku 2014 vyššia ako vlani. Repná kampaň 2014 v číslach. Cukrovarnícka kampaň.

Gespeichert in:
Bibliographische Detailangaben
1. Verfasser: Sadloňová, Petronela
Format: Buchkapitel
Sprache:Slowakisch
Schlagworte:
Tags: Tag hinzufügen
Keine Tags, Fügen Sie das erste Tag hinzu!

MARC

LEADER 00000naa a2200000 4500
001 0196461
005 20231109070912.5
041 0 |a slo 
044 |a SK 
245 1 0 |a Repná kampaň  |c Petronela Sadloňová 
520 |a Úroda repy v roku 2014 vyššia ako vlani. Repná kampaň 2014 v číslach. Cukrovarnícka kampaň. 
610 2 0 |a plodiny poľnohospodárske 
610 2 0 |a repa cukrová 
610 2 0 |a úroda 
610 2 0 |a Slovensko 
100 1 |a Sadloňová, Petronela